| 000 | 00660nam a2200205 i 4500 | ||
|---|---|---|---|
| 001 | 185717 | ||
| 003 | ES-MaACL | ||
| 005 | 20230906222513.0 | ||
| 008 | 160804s1874 ger |||| | eng d | ||
| 100 | 1 |
_aPayn, James. _9130917 |
|
| 245 | 1 | 0 |
_aAt her mercy : _ba novel / _cby the author of "Found dead". |
| 260 |
_aLeipzig : _bBernhard Tauchnitz, _c[1874] |
||
| 300 |
_a1 vol. ; _c16 cm. |
||
| 490 | 1 |
_aCollection of British Authors ; _v1407-8 |
|
| 594 | _aEl encabezamiento tomado del Brit. Mus. Catal. | ||
| 597 | _a2 t. en 1 vol. | ||
| 830 | 0 |
_aCollection of British Authors ; _v1407-8 _9180703 |
|
| 852 |
_aES-MaACL _jG-12838 |
||
| 999 |
_c185717 _d185717 |
||